Statistics for US States Without First or Last Letters Quiz #5

Click here to take the quiz!

General Stats

  • This quiz has been taken 43 times
  • The average score is 10 of 10

Answer Stats

US States Without First or Last LettersFull US State Names% Correct
rizonArizona
100%
loridFlorida
100%
entuckKentucky
100%
ebraskNebraska
100%
klahomOklahoma
100%
out akotSouth Dakota
100%
isconsiWisconsin
100%
taUtah
98%
ermonVermont
98%
e orNew York
81%

Score Distribution

Percentile by Number Answered

Percent of People with Each Score

Your Score History

You have not taken this quiz